000
00333 a2200169 4500
001
161333
020
_a
85-08-01554-2
040
_c
Magnum
100
_a
Masur, Jandira
240
1
0
_a
Porquês
_l
por
245
1
0
_a
Porquês
300
_a
24
362
0
_a
1991
440
1
_a
Ática
697
_a
LITERATURA INFANTIL
942
_c
BK
999
_c
161333
_d
161333